00518nam a2200157Ia 4500003000500000005001700005008004100022020003000063040001400093082001900107100002900126245010400155260005000259300004100309521001000350322820250709110414.0210816s9999 xx 000 0 und d a9780521028691qPaperbacck aRDAc3228 a371.10019 UNDE a Vandenberghe, Roland  0aUnderstanding and preventing teacher burnout : a sourcebook of international research and practice  aCambridgebCambridge University Pressc2006  ax, 362 PagesbIllustrationsc23.5 cm aAdult